Statistiques concernant Intercommunalités du Jura

Cliquez ici pour prendre le quiz!

Statistiques générales

  • Ce quiz a été pris 25 fois
  • Le résultat moyen est 6 sur 14

Statistiques - réponses

Nombres de CommunesIntercommunalités% Correct
22Communauté de communes Haut-Jura Saint-Claude
83%
32Espace communautaire Lons Agglomération
83%
47Grand Dole
83%
66Communauté de communes Champagnole Nozeroy Jura
57%
66Communauté de communes Arbois, Poligny, Salins – Cœur du Jura
52%
04Communauté de communes de la Station des Rousses-Haut-Jura
52%
24Communauté de communes du Val d'Amour
52%
91Terre d'Émeraude Communauté
52%
54Communauté de communes Bresse Haute Seille
26%
04Communauté de communes du Haut-Jura
22%
21Communauté de communes de la Plaine Jurassienne
9%
22Communauté de communes Porte du Jura
9%
32Communauté de communes Jura Nord
4%
08Communauté de communes la Grandvallière
0%

Distribution des résultats

Percentile par nombre de réponses

% des personnes avec chaque résultat

Votre développement - résultats

Vous n’avez pas pris ce quiz